| 000 | 00754nam 22002653 4500 | ||
|---|---|---|---|
| 001 | 197759 | ||
| 010 | _a972-708-817-1 | ||
| 021 |
_aPT _b223036/05 |
||
| 090 | _a197759 | ||
| 100 | _a20250903 pory50 | ||
| 101 | _apor | ||
| 102 | _aPT | ||
| 200 |
_aPortugal, hoje : o medo de existir _fJosé Gil |
||
| 205 | _a7ª | ||
| 210 |
_cRelógio D'Água _aLisboa _d2005 |
||
| 215 |
_a142, [10] p. _cbrochado _d21 cm |
||
| 225 | _aArgumentos | ||
| 606 |
_94534 _aCivilização, Cultura , Progresso |
||
| 606 |
_911629 _aCiências Sociais |
||
| 675 |
_a008 _vPT _zpor |
||
| 675 |
_a316.32(469)/GIL/POR _vPT _zpor |
||
| 700 |
_913820 _aGil _bJosé _f1939- |
||
| 801 |
_aPT _bBMMN _gRPC |
||
| 830 |
_cVanda e Carlos Pinto _fCarlos Pinto _j13-11-2025 |
||
| 990 | _cLIVROS | ||